000
00319nam a22001337a 4500
008
170526b xxu||||| |||| 00| 0 eng d
020
_a
9780195112535
041
_a
eng
080
_a
62
100
_a
25
101
_a
IM
245
_a
NUMERICAL COMPUTATION IN SCIENCE AND ENGINEERING
_c
POZRIKIDIS,C
942
_2
udc
_c
BK
999
_c
14336
_d
14336